[Event "World Senior Teams +50"]
[Site "Radebeul GER"]
[Date "2016.06.27"]
[Round "2.19"]
[Board "2"]
[White "Ungure, Liga"]
[Black "Nuernberger, Thomas"]
[Result "1-0"]
[WhiteTitle "WFM"]
[WhiteElo "1950"]
[BlackElo "1983"]
[WhiteTeam "Latvia Women"]
[BlackTeam "TSG Markkleeberg von 1903"]
[WhiteFideId "11600330"]
[BlackFideId "12979716"]
[EventDate "2016.06.26"]

1. e4 c5 2. Nf3 Nc6 3. Bb5 d6 4. O-O e5 5. h3 g6 6. c3 Bg7 7. d4 Bd7 8. dxc5
dxc5 9. Be3 b6 10. Qd6 Bf8 11. Qd3 Qc7 12. Rd1 Bg7 13. Na3 a6 14. Bxa6 Nge7 15.
Nb5 Qd8 16. Nd6+ Kf8 17. Bc4 1-0

[Event "World Senior Teams +50"]
[Site "Radebeul GER"]
[Date "2016.06.27"]
[Round "2.19"]
[Board "4"]
[White "Rozlapa, Vija"]
[Black "Beuger, Ronald"]
[Result "1/2-1/2"]
[WhiteElo "2012"]
[BlackElo "1776"]
[WhiteTeam "Latvia Women"]
[BlackTeam "TSG Markkleeberg von 1903"]
[WhiteFideId "11600802"]
[BlackFideId "24622982"]
[EventDate "2016.06.26"]

1. e4 c5 2. Nf3 a6 3. a4 Nc6 4. Bc4 e6 5. Nc3 Nge7 6. d4 cxd4 7. Nxd4 Nxd4 8.
Qxd4 Nc6 9. Qe3 Bb4 10. O-O Qh4 11. f4 d6 12. Kh1 Bc5 13. Qe1 Qxe1 14. Rxe1 Nd4
15. Bd3 Bd7 16. Ne2 Nxe2 1/2-1/2

[Event "World Senior Teams +50"]
[Site "Radebeul GER"]
[Date "2016.06.27"]
[Round "2.20"]
[Board "1"]
[White "Mittermayr, Gerhard"]
[Black "Siggelkow, Axel"]
[Result "1-0"]
[WhiteElo "2101"]
[BlackElo "2038"]
[WhiteTeam "Oberoesterreich"]
[BlackTeam "BSV Chemie Radebeul"]
[WhiteFideId "1602233"]
[BlackFideId "24681350"]
[EventDate "2016.06.26"]

1. e4 c5 2. Nf3 d6 3. d4 cxd4 4. Nxd4 Nf6 5. Nc3 a6 6. Be3 e6 7. Be2 Be7 8. a4
O-O 9. O-O Nc6 10. f4 Qc7 11. Nb3 b6 12. Bf3 Bb7 13. g4 Nd7 14. g5 Rfe8 15. Bg2
Bf8 16. Qd2 Na5 17. Nxa5 bxa5 18. Qf2 Rac8 19. Rad1 d5 20. exd5 exd5 21. Bd4 Nc5
22. Nxd5 Qb8 23. Be5 Qa7 24. c3 Bc6 25. b4 Bxa4 26. Ra1 Bb5 27. Rfd1 axb4 28.
cxb4 Rxe5 29. fxe5 Qb8 30. Rf1 Bxf1 31. Rxf1 Nd3 32. Qxf7+ Kh8 33. e6 Ne5 34.
Qf5 Ng6 35. Be4 Bxb4 36. e7 Re8 37. Nf4 Qa7+ 38. Kh1 Qxe7 39. Nxg6+ 1-0

[Event "World Senior Teams +50"]
[Site "Radebeul GER"]
[Date "2016.06.27"]
[Round "2.20"]
[Board "2"]
[White "Westphal, Norbert"]
[Black "Schulz, Peter"]
[Result "1/2-1/2"]
[WhiteElo "1965"]
[BlackElo "2068"]
[WhiteTeam "BSV Chemie Radebeul"]
[BlackTeam "Oberoesterreich"]
[WhiteFideId "12973610"]
[BlackFideId "1614819"]
[EventDate "2016.06.26"]

1. Nf3 Nf6 2. d4 g6 3. g3 Bg7 4. Bg2 O-O 5. O-O d5 6. Nbd2 c6 7. Ne5 Qb6 8. e3
Nfd7 9. Nd3 e5 10. dxe5 Nxe5 11. Nxe5 Bxe5 12. c4 Bf5 13. cxd5 Bd3 14. Re1 Bxb2
15. Bxb2 Qxb2 16. Qb3 Qxb3 17. axb3 Rd8 18. e4 Nd7 19. Re3 Bb5 20. Nf3 cxd5 21.
Nd4 Ba6 22. exd5 Nf6 23. Nc6 Rd6 24. Nb4 Bb5 25. Re7 Bd7 26. h4 Kf8 27. Re3 a6
28. Rc3 Rc8 29. Rxc8+ Bxc8 30. Bf3 Bd7 31. Ra3 Ke7 32. Kf1 Kd8 33. Ke2 Kc7 34.
Ke3 Rb6 35. Nc2 Kd6 36. Kd4 Bg4 37. Bxg4 Nxg4 38. f3 Nf6 39. Ne3 Rb5 40. Nc4+
Ke7 41. Ne3 1/2-1/2

[Event "World Senior Teams +50"]
[Site "Radebeul GER"]
[Date "2016.06.27"]
[Round "2.20"]
[Board "3"]
[White "Doppelhammer, Herbert"]
[Black "Muehlberg, Frank"]
[Result "1/2-1/2"]
[WhiteElo "2040"]
[BlackElo "1929"]
[WhiteTeam "Oberoesterreich"]
[BlackTeam "BSV Chemie Radebeul"]
[WhiteFideId "1608738"]
[BlackFideId "4680235"]
[EventDate "2016.06.26"]

1. d4 Nf6 2. Bf4 d5 3. e3 Nbd7 4. Nd2 e6 5. Bd3 c5 6. c3 Be7 7. Ngf3 O-O 8. h4
Re8 9. Ne5 Nf8 10. h5 N6d7 11. Ndf3 f6 12. Nxd7 Bxd7 13. Qe2 Bc6 14. O-O-O c4
15. Bb1 b5 16. Rh3 b4 17. cxb4 Ba4 18. Rg1 Bxb4 19. g4 Rc8 20. Bc2 Qa5 21. Kb1
Re7 22. Bxa4 Qxa4 23. Qc2 Qb5 24. g5 f5 25. Ne5 Rb7 26. Ka1 Rb6 27. g6 h6 28.
Nf7 Qa5 29. Bxh6 Ra6 30. a4 Qb5 31. Bxg7 Rxa4+ 32. Kb1 Qa6 33. Qxa4 Qxa4 34. Be5
Nd7 35. h6 Nxe5 36. h7+ Kg7 37. h8=Q+ Rxh8 38. Nxh8 c3 39. Rh7+ Kg8 40. Rc7 Qb3
41. Rc8+ Kg7 42. Rc7+ Kg8 43. Rc8+ Bf8 44. Rxc3 Qb8 45. dxe5 Kxh8 46. f4 Qb7 47.
Rcc1 Qb4 1/2-1/2

[Event "World Senior Teams +50"]
[Site "Radebeul GER"]
[Date "2016.06.27"]
[Round "2.20"]
[Board "4"]
[White "Richter, Andreas"]
[Black "Obran, Harald"]
[Result "0-1"]
[WhiteElo "1747"]
[BlackElo "2015"]
[WhiteTeam "BSV Chemie Radebeul"]
[BlackTeam "Oberoesterreich"]
[WhiteFideId "12975354"]
[BlackFideId "1605836"]
[EventDate "2016.06.26"]

1. d4 Nf6 2. c4 e6 3. Nc3 Bb4 4. e3 b6 5. Ne2 Ne4 6. Bd2 Nxd2 7. Qxd2 Bb7 8. a3
Bxc3 9. Nxc3 O-O 10. e4 d5 11. Bd3 c5 12. dxc5 d4 13. Ne2 bxc5 14. O-O Nd7 15.
f4 Nf6 16. Ng3 Ng4 17. h3 Ne3 18. Rfe1 f5 19. Nf1 fxe4 20. Bb1 Nxf1 21. Rxf1 d3
22. Ba2 Qd4+ 23. Kh1 e3 0-1

[Event "World Senior Teams +50"]
[Site "Radebeul GER"]
[Date "2016.06.27"]
[Round "2.21"]
[Board "1"]
[White "Bayarmaa, Gendenjamc"]
[Black "Bauer, Burkhard"]
[Result "1/2-1/2"]
[WhiteElo "1929"]
[BlackElo "2056"]
[WhiteTeam "Mongolia Women"]
[BlackTeam "SV Aufbau Bernburg"]
[WhiteFideId "4900189"]
[BlackFideId "24664553"]
[EventDate "2016.06.26"]

1. d4 f5 2. Nf3 Nf6 3. e3 g6 4. Bd3 Bg7 5. c3 e6 6. Nbd2 d5 7. Ne5 Nbd7 8. Nxd7
Nxd7 9. O-O O-O 10. f4 c5 11. Nf3 Qe7 12. Bd2 Kh8 13. Be1 Bf6 14. h4 Rg8 15. g3
b6 16. Rf2 Bb7 17. Rh2 Bc6 18. Rc1 h6 19. a3 Raf8 20. Qd2 Rf7 21. Qg2 h5 22. Qf1
c4 23. Bb1 b5 1/2-1/2

[Event "World Senior Teams +50"]
[Site "Radebeul GER"]
[Date "2016.06.27"]
[Round "2.21"]
[Board "2"]
[White "Schmidt, Joerg"]
[Black "Battsengel, Shirchin"]
[Result "1/2-1/2"]
[BlackTitle "WFM"]
[WhiteElo "2112"]
[BlackElo "1956"]
[WhiteTeam "SV Aufbau Bernburg"]
[BlackTeam "Mongolia Women"]
[WhiteFideId "4641698"]
[BlackFideId "4900391"]
[EventDate "2016.06.26"]

1. f4 d5 2. b3 Nc6 3. Bb2 Bf5 4. Nf3 e6 5. e3 a6 6. Be2 Nf6 7. O-O Bc5 8. d4 Be7
9. Ne5 Nd7 10. Nxc6 bxc6 11. Nd2 h6 12. Nf3 O-O 13. Qd2 Nf6 14. Qc3 Qd6 15. Bd3
Be4 16. Ne5 Rfc8 17. Nxc6 Bf8 18. Be2 Bxg2 19. Kxg2 Ne4 20. Qd3 Qxc6 21. Bf3 f5
22. Rac1 Qb5 23. c4 Qa5 24. Bxe4 fxe4 25. Qe2 c6 26. Rf2 Ra7 27. cxd5 exd5 28.
Bc3 Qd8 29. Qd2 a5 30. Kh1 c5 31. Rg1 c4 32. Rfg2 Qc7 33. bxc4 Qxc4 34. Bxa5
Rca8 35. Bc3 Rxa2 36. Qe1 Rxg2 37. Rxg2 Rc8 38. Bd2 Rb8 39. h3 Qd3 40. Kh2 Rb1
41. Qg3 Qf1 42. Rg1 Qxg1+ 43. Qxg1 Rxg1 44. Kxg1 Kf7 45. Kg2 Kg6 46. Kg3 Kh5 47.
Kg2 Ba3 48. Kg3 Be7 49. Ba5 Bh4+ 50. Kg2 g5 51. fxg5 hxg5 52. Bb4 1/2-1/2

[Event "World Senior Teams +50"]
[Site "Radebeul GER"]
[Date "2016.06.27"]
[Round "2.21"]
[Board "3"]
[White "Soyolmaa, Dashdondog"]
[Black "Wagner, Bernd2"]
[Result "0-1"]
[WhiteTitle "WCM"]
[WhiteElo "1923"]
[BlackElo "1935"]
[WhiteTeam "Mongolia Women"]
[BlackTeam "SV Aufbau Bernburg"]
[WhiteFideId "4900146"]
[BlackFideId "24601721"]
[EventDate "2016.06.26"]

1. e4 d5 2. e5 e6 3. d4 c5 4. c3 Nc6 5. Nf3 Qb6 6. Be2 Bd7 7. O-O Nh6 8. b3 cxd4
9. cxd4 Nf5 10. Bb2 Be7 11. Qd2 O-O 12. g4 Nh6 13. h3 Rac8 14. Nc3 Na5 15. Rac1
Kh8 16. Nb1 Ng8 17. Rxc8 Rxc8 18. Rc1 Rxc1+ 19. Qxc1 f6 20. Nbd2 Qc6 21. Qd1 Qb6
22. Nf1 Nc6 23. Bd3 fxe5 24. dxe5 Bc5 25. Qd2 Nge7 26. Kg2 Be8 27. Qf4 Ng6 28.
Bxg6 Bxg6 29. Ng5 Nb4 30. Nf7+ Kg8 31. Ng5 Nd3 32. Qd2 Bxf2 33. Nf3 Be4 34. Nh2
Be3 35. Qc3 Nf4+ 36. Kh1 Qc5 37. Qxc5 Bxc5 38. Bc1 Nxh3 39. Kg2 Nf2 40. Bd2 Nd3
41. Kg3 h6 42. g5 Ba3 43. gxh6 Nc1 44. Ng4 Bxf3 45. Kxf3 gxh6 46. Nxh6+ Kg7 47.
Bxc1 Bxc1 48. Ng4 Kg6 49. Nf6 Kf5 50. Nd7 Bb2 51. Nc5 b6 52. Nd3 Bxe5 53. Nb4
Bc3 54. Nc6 a5 55. Ne7+ Ke5 56. Ng6+ Kd6 57. Ke3 Kc5 58. Kd3 Bf6 59. a3 e5 60.
Nf8 e4+ 61. Kc2 Kd4 62. Ne6+ Ke5 63. Nc7 d4 64. Kd2 Bg5+ 65. Kd1 d3 66. Nb5 e3
67. Nc3 e2+ 0-1

[Event "World Senior Teams +50"]
[Site "Radebeul GER"]
[Date "2016.06.27"]
[Round "2.21"]
[Board "4"]
[White "Winnig, Bernd"]
[Black "Serjmyadag, Damdin"]
[Result "1-0"]
[WhiteElo "1999"]
[BlackElo "1949"]
[WhiteTeam "SV Aufbau Bernburg"]
[BlackTeam "Mongolia Women"]
[WhiteFideId "4673190"]
[BlackFideId "4900510"]
[EventDate "2016.06.26"]

1. d4 Nf6 2. c4 g6 3. Nc3 Bg7 4. e4 d6 5. Be2 O-O 6. Nf3 Nc6 7. O-O e5 8. d5 Ne7
9. Ne1 Ne8 10. Nd3 f5 11. f3 f4 12. c5 Bd7 13. b4 g5 14. b5 dxc5 15. Nxc5 Nd6
16. Nxd7 Qxd7 17. Ba3 Kh8 18. Na4 b6 19. Rc1 Rg8 20. Qb3 Bf6 21. Rc2 Ng6 22.
Bxd6 cxd6 23. Rfc1 Bd8 24. Nb2 Nf8 25. Nd3 Qe7 26. Nb4 Nd7 27. Na6 h5 28. Nc7
Bxc7 29. Rxc7 Qd8 30. Qa3 Nc5 31. Rc6 Qe7 32. Qb4 g4 33. Rc2 Rg6 34. a4 Rb8 35.
a5 Kg7 36. axb6 axb6 37. Ra2 Kh6 38. Qa3 Qh4 39. Qb4 gxf3 40. Bxf3 Nd3 41. Qc3
Nc5 42. Rc7 Rg7 43. Rxg7 Kxg7 44. Ra7+ Kh6 45. Qd2 Kg6 46. Qe2 Kf6 47. Qf2 Qg5
48. Qa2 Rc8 49. Qc2 Qh4 50. Qf2 Qg5 51. Qc2 Rg8 52. Qa2 h4 53. Rh7 Rg7 54. Rh5
Qg6 55. Rf5+ Ke7 56. Qa7+ Nd7 57. Rh5 Qf6 58. Qa8 Nf8 59. Rf5 Qxf5 60. exf5 h3
61. Qb7+ Nd7 62. Kf2 hxg2 63. Bxg2 Kf6 64. Qc8 Rh7 65. h3 Kxf5 66. Qc2+ 1-0

[Event "World Senior Teams +50"]
[Site "Radebeul GER"]
[Date "2016.06.27"]
[Round "2.22"]
[Board "2"]
[White "Schmidt, Hans-Gerd"]
[Black "Wurmb, Peter"]
[Result "1/2-1/2"]
[WhiteElo "1935"]
[BlackElo "1993"]
[WhiteTeam "TuS Coswig 1920"]
[BlackTeam "Schachklub Heidenau"]
[WhiteFideId "4657918"]
[BlackFideId "16203305"]
[EventDate "2016.06.26"]

1. e4 c5 2. Nf3 e6 3. b3 a6 4. Bb2 Nc6 5. Be2 d6 6. O-O Nf6 7. d3 Be7 8. Nbd2
O-O 9. a4 Bd7 10. Re1 Qc7 11. Nf1 b5 12. axb5 axb5 13. Ng3 e5 14. Qd2 h6 15. h3
Nh7 16. Reb1 Qb6 17. Qe1 Ng5 18. Nh2 Rxa1 19. Rxa1 f5 20. exf5 Bxf5 21. Nxf5
Rxf5 22. Ra8+ Rf8 23. Rxf8+ Kxf8 24. Bg4 g6 25. h4 Nh7 26. Qe4 Kg7 27. h5 Nf8
28. Bf3 Nd4 29. Bxd4 cxd4 30. hxg6 Nxg6 31. Qg4 Bg5 32. Qd7+ Ne7 33. Bh5 Qc6 34.
Qe6 Qd5 35. Qd7 Qc6 36. Qe6 Qd5 1/2-1/2

[Event "World Senior Teams +50"]
[Site "Radebeul GER"]
[Date "2016.06.27"]
[Round "2.22"]
[Board "3"]
[White "Roser, Ludwig"]
[Black "Eiselt, Peter"]
[Result "1/2-1/2"]
[WhiteElo "1799"]
[BlackElo "2012"]
[WhiteTeam "Schachklub Heidenau"]
[BlackTeam "TuS Coswig 1920"]
[WhiteFideId "12928119"]
[BlackFideId "24638161"]
[EventDate "2016.06.26"]

1. d4 d5 2. Nf3 Nf6 3. e3 Bf5 4. c4 c6 5. Nc3 e6 6. h3 h6 7. Be2 Nbd7 8. Qb3 Qc7
9. Bd2 Be7 10. Rc1 Qb6 11. Qxb6 Nxb6 12. c5 Nbd7 13. b4 a6 14. O-O O-O 15. Ra1
Ne4 16. Rfd1 Rfe8 17. Be1 Ndf6 18. Na4 Bd8 19. Nd2 Nxd2 20. Bxd2 Bc2 21. Nc3
Bxd1 22. Rxd1 Be7 23. f4 Nd7 24. Rf1 f6 25. Bh5 Rf8 26. Bg4 f5 27. Bf3 Nf6 28.
Rd1 Ne4 29. Be1 a5 30. Bxe4 fxe4 31. b5 a4 32. b6 Bd8 33. Rb1 g5 34. g3 gxf4 35.
gxf4 Rf6 36. a3 Be7 37. Rb4 Kh7 38. Rxa4 Rg6+ 39. Kf1 Rxa4 40. Nxa4 Rg8 41. Nc3
Ra8 42. a4 1/2-1/2

[Event "World Senior Teams +50"]
[Site "Radebeul GER"]
[Date "2016.06.27"]
[Round "2.23"]
[Board "1"]
[White "Van Bentum, Horst"]
[Black "Schultheis, Heinz"]
[Result "1/2-1/2"]
[WhiteElo "2071"]
[BlackElo "2114"]
[WhiteTeam "Schachfreunde MV"]
[BlackTeam "Schachfreunde Zeitz"]
[WhiteFideId "4671961"]
[BlackFideId "16212037"]
[EventDate "2016.06.26"]

1. e4 d6 2. d4 Nf6 3. Nc3 g6 4. Bg5 Bg7 5. e5 Nfd7 6. exd6 cxd6 7. Nf3 Nf6 8.
Be2 Bg4 9. O-O O-O 10. Qd2 Nc6 11. h3 Bxf3 12. Bxf3 Re8 13. a3 Nd7 14. Be3 Na5
15. b3 Rc8 16. Rab1 Nc6 17. Ne2 Nf6 18. c4 d5 19. Rbc1 e6 20. Bg5 Qd7 21. Qf4
Ne4 22. Bxe4 dxe4 23. Qxe4 Nxd4 24. Nxd4 Bxd4 25. Rcd1 e5 26. Be3 Rcd8 27. Bg5
Rc8 28. Be3 Rcd8 1/2-1/2

[Event "World Senior Teams +50"]
[Site "Radebeul GER"]
[Date "2016.06.27"]
[Round "2.23"]
[Board "2"]
[White "Just, Joachim"]
[Black "Sager, Bernd"]
[Result "1/2-1/2"]
[WhiteElo "1926"]
[BlackElo "1901"]
[WhiteTeam "Schachfreunde Zeitz"]
[BlackTeam "Schachfreunde MV"]
[WhiteFideId "4648102"]
[BlackFideId "1270995"]
[EventDate "2016.06.26"]

1. Nf3 d5 2. g3 Nf6 3. Bg2 c5 4. d3 Nc6 5. O-O Bg4 6. Nbd2 e6 7. h3 Bh5 8. c3
Be7 9. Qc2 O-O 10. e4 Rc8 11. Re1 Re8 12. Nf1 Bf8 13. g4 Bg6 14. Ng3 Qc7 15. Bg5
Nd7 16. Nh4 d4 17. Nxg6 hxg6 18. Rad1 Bd6 19. Nf1 Be5 20. Bh4 Qa5 21. Bg3 Bf6
22. f4 dxc3 23. e5 Be7 24. bxc3 Nb6 25. Ne3 Red8 26. Kh2 Bf8 27. f5 gxf5 28.
gxf5 exf5 29. Nxf5 Nd5 30. Rc1 1/2-1/2

[Event "World Senior Teams +50"]
[Site "Radebeul GER"]
[Date "2016.06.27"]
[Round "2.23"]
[Board "3"]
[White "Segebarth, Bernd"]
[Black "Reimann, Hubert"]
[Result "1/2-1/2"]
[WhiteElo "1924"]
[BlackElo "1956"]
[WhiteTeam "Schachfreunde MV"]
[BlackTeam "Schachfreunde Zeitz"]
[WhiteFideId "24657506"]
[BlackFideId "4698916"]
[EventDate "2016.06.26"]

1. e4 c5 2. Nf3 d6 3. d4 cxd4 4. Nxd4 Nf6 5. Nc3 a6 6. Bg5 e6 7. f4 Be7 8. Qf3
h6 9. Bh4 Qc7 10. O-O-O b5 11. Qg3 g5 12. fxg5 hxg5 13. Bxg5 b4 14. Bxf6 Bxf6
15. Nce2 Bb7 16. Nxe6 fxe6 17. Qxd6 Qxd6 18. Rxd6 Ke7 19. Rb6 Bxe4 20. Rxb4 Bf5
21. Ng3 Bg5+ 22. Kb1 Nd7 23. Nxf5+ exf5 24. Bd3 f4 1/2-1/2

[Event "World Senior Teams +50"]
[Site "Radebeul GER"]
[Date "2016.06.27"]
[Round "2.23"]
[Board "4"]
[White "Just, Fred"]
[Black "Mueggenburg, Rolf"]
[Result "1-0"]
[WhiteElo "2152"]
[BlackElo "1755"]
[WhiteTeam "Schachfreunde Zeitz"]
[BlackTeam "Schachfreunde MV"]
[WhiteFideId "4643097"]
[BlackFideId "4670965"]
[EventDate "2016.06.26"]

1. d4 f5 2. g3 Nf6 3. Bg2 g6 4. Nf3 Bg7 5. O-O O-O 6. c4 d6 7. Nc3 c6 8. Qc2
Nbd7 9. e4 fxe4 10. Ng5 Nb6 11. Ncxe4 Nxe4 12. Qxe4 d5 13. cxd5 cxd5 14. Qe2 Rf6
15. Bf4 h6 16. Nf3 Bg4 17. h3 Re6 18. Qd1 Bf5 19. Rc1 Rc8 20. Be5 Rec6 21. Rxc6
bxc6 22. Bxg7 Kxg7 23. Ne5 Rc7 24. g4 Bc8 25. Qd3 Qd6 26. Re1 Nd7 27. Nxg6 Nb8
28. Ne5 Qf6 29. Qe3 Na6 30. Nd3 e6 31. Nf4 Kf7 32. Nh5 Qg5 33. f4 Qg6 34. f5 Qg5
35. fxe6+ Ke7 36. Qf2 Bxe6 37. Nf4 1-0

[Event "World Senior Teams +50"]
[Site "Radebeul GER"]
[Date "2016.06.27"]
[Round "2.24"]
[Board "1"]
[White "Blodig, Reinhard"]
[Black "Goepfert, Jochen"]
[Result "1-0"]
[WhiteElo "2114"]
[BlackElo "1987"]
[WhiteTeam "Stoertebeker"]
[BlackTeam "Blue Wonder"]
[WhiteFideId "4607597"]
[BlackFideId "12972878"]
[EventDate "2016.06.26"]

1. g3 f5 2. Bg2 Nf6 3. Nf3 e6 4. d3 d5 5. O-O Nc6 6. Nbd2 Bd6 7. e4 O-O 8. Re1
e5 9. exd5 Nxd5 10. Nc4 f4 11. Nfxe5 Bxe5 12. Nxe5 fxg3 13. hxg3 Nxe5 14. Rxe5
c6 15. Qe2 Nf6 16. Bf4 Bg4 17. Qe3 Qb6 18. b3 Qb4 19. Qd2 Qd4 20. c3 Qd7 21.
Rae1 Rad8 22. d4 Rf7 23. Qe3 Bh3 24. Re7 Rxe7 25. Qxe7 Qxe7 26. Rxe7 Bxg2 27.
Kxg2 Rd7 28. Rxd7 Nxd7 29. Kf3 Kf7 30. Be5 c5 31. Ke4 cxd4 32. Bxd4 Ke6 33. Bxg7
Nc5+ 34. Kd4 Kd6 35. Bf8+ 1-0

[Event "World Senior Teams +50"]
[Site "Radebeul GER"]
[Date "2016.06.27"]
[Round "2.24"]
[Board "2"]
[White "Nauber, Walter"]
[Black "Grabitz, Georg"]
[Result "1/2-1/2"]
[WhiteElo "1941"]
[BlackElo "2031"]
[WhiteTeam "Blue Wonder"]
[BlackTeam "Stoertebeker"]
[WhiteFideId "16212045"]
[BlackFideId "4694619"]
[EventDate "2016.06.26"]

1. d4 g6 2. c4 Nf6 3. Nc3 Bg7 4. e4 d6 5. Be2 O-O 6. Bg5 Na6 7. h3 h6 8. Bf4 Nd7
9. Qd2 Kh7 10. Nf3 e5 11. Be3 c6 12. O-O Qe7 13. Rad1 Nc7 14. a3 Ne8 15. b4 Nef6
16. Bd3 exd4 17. Bxd4 Ne5 18. Nxe5 c5 19. Nf3 cxd4 20. Nxd4 Be6 21. Nxe6 Qxe6
22. f3 Nh5 23. Ne2 Rac8 24. g4 Nf6 25. Kg2 Nd7 26. f4 Nb6 27. f5 Qe5 28. Rc1 Nd7
29. Rc2 Nf6 30. Qf4 Nd7 31. Qe3 b6 32. Ng3 Qd4 33. Qxd4 Bxd4 34. Be2 Nf6 35. Bd3
Be5 36. Ne2 Kg7 37. Ng1 Nd7 38. Nf3 Bf6 39. Rd1 Ne5 40. Ng1 Rc6 41. Bf1 Rfc8 42.
b5 Rc5 43. Rd5 Rxd5 44. exd5 Rc7 45. fxg6 fxg6 46. Kg3 Re7 47. Re2 Kf7 48. h4
Nd7 49. Nf3 Nc5 50. g5 Rxe2 51. Bxe2 hxg5 52. hxg5 Bb2 53. a4 Kg7 54. Kf4 Bc1+
55. Kg4 Bb2 56. Bd1 Nd3 57. Kg3 Ne5 58. Nd2 Bc1 59. Ne4 Nxc4 60. Be2 Ne3 61.
Nxd6 Nxd5 62. Nc8 Bxg5 63. Bd3 Bf4+ 64. Kf3 Bb8 65. Bc4 Nf6 66. Ne7 g5 67. Nc6
g4+ 68. Kg2 Bc7 69. Nxa7 Ne4 70. Nc6 Kf6 71. Nb4 Ke5 72. Bb3 Nc5 73. Bd1 Kd4 74.
Bxg4 Nxa4 75. Be2 Kc5 76. Na6+ Kd6 77. Nxc7 Kxc7 78. Kf3 Kd6 79. Ke4 1/2-1/2

[Event "World Senior Teams +50"]
[Site "Radebeul GER"]
[Date "2016.06.27"]
[Round "2.24"]
[Board "3"]
[White "Gerhardt, Peter-Michael"]
[Black "Keeve, Martin"]
[Result "1/2-1/2"]
[WhiteElo "2026"]
[BlackElo "1893"]
[WhiteTeam "Stoertebeker"]
[BlackTeam "Blue Wonder"]
[WhiteFideId "4638379"]
[BlackFideId "12903205"]
[EventDate "2016.06.26"]

1. d4 d5 2. c4 c6 3. Nc3 Nf6 4. Nf3 e6 5. Bg5 Nbd7 6. e3 Be7 7. Be2 O-O 8. O-O
Re8 9. Qc2 b6 10. Rac1 Bb7 11. Rfd1 Rc8 12. Qb1 Nh5 13. Bxe7 Qxe7 14. cxd5 exd5
15. Qf5 g6 16. Qd3 Ng7 17. Qb1 Nf5 18. Bd3 Nd6 19. b4 b5 20. Re1 Qf6 21. a4 a6
22. Qc2 Nb6 23. Ne5 Rcd8 24. f4 Qg7 25. a5 Nd7 26. Qf2 f6 27. Nf3 Qf8 28. Rb1
Bc8 29. e4 dxe4 30. Nxe4 Nxe4 31. Rxe4 Qd6 32. g3 Nf8 33. Rxe8 Rxe8 34. Re1
Rxe1+ 35. Qxe1 Bg4 36. Kf2 1/2-1/2

[Event "World Senior Teams +50"]
[Site "Radebeul GER"]
[Date "2016.06.27"]
[Round "2.24"]
[Board "4"]
[White "Reinhardt, Joachim"]
[Black "Kuehn, Peter2"]
[Result "1/2-1/2"]
[WhiteElo "1876"]
[BlackElo "1961"]
[WhiteTeam "Blue Wonder"]
[BlackTeam "Stoertebeker"]
[WhiteFideId "12925659"]
[BlackFideId "4661486"]
[EventDate "2016.06.26"]

1. d4 f5 2. g3 g6 3. Bg2 Nf6 4. Nf3 Bg7 5. O-O O-O 6. Re1 d6 7. c3 c6 8. Qc2 Ne4
9. Be3 Nd7 10. Nfd2 d5 11. a4 a5 12. f3 Nxd2 13. Nxd2 e5 14. dxe5 Nxe5 15. Rad1
Qc7 16. Bc5 Re8 17. e4 fxe4 18. fxe4 Bg4 19. Rb1 dxe4 20. Nxe4 Bf5 1/2-1/2

[Event "World Senior Teams +50"]
[Site "Radebeul GER"]
[Date "2016.06.27"]
[Round "2.25"]
[Board "1"]
[White "Nachtkamp, Herbert"]
[Black "Fegan, Chris"]
[Result "1/2-1/2"]
[WhiteElo "2091"]
[BlackElo "2071"]
[WhiteTeam "SK Norderstedt von 1975 e.V."]
[BlackTeam "England 3"]
[WhiteFideId "4642660"]
[BlackFideId "410047"]
[EventDate "2016.06.26"]

1. d4 f5 2. Bf4 Nf6 3. e3 g6 4. h4 Bg7 5. h5 d6 6. hxg6 hxg6 7. Rxh8+ Bxh8 8.
Nc3 c6 9. Qf3 Nbd7 10. O-O-O Qa5 11. Qg3 Nf8 12. Bh6 Nh5 13. Qh2 Be6 14. Be2
O-O-O 15. Bxh5 gxh5 16. Qxh5 Bxa2 17. Nxa2 Qxa2 18. c3 Qa1+ 19. Kc2 Qa4+ 20. Kb1
Ne6 21. Rc1 Qb5 22. c4 Qa5 23. g4 Nc7 24. Qxf5+ Qxf5+ 25. gxf5 Bf6 26. Nf3 Rh8
27. Bf4 1/2-1/2

[Event "World Senior Teams +50"]
[Site "Radebeul GER"]
[Date "2016.06.27"]
[Round "2.25"]
[Board "2"]
[White "Fraser-Mitchell, Jeremy N"]
[Black "Freter, Anke"]
[Result "1-0"]
[WhiteElo "2061"]
[BlackElo "1865"]
[WhiteTeam "England 3"]
[BlackTeam "SK Norderstedt von 1975 e.V."]
[WhiteFideId "405000"]
[BlackFideId "4638727"]
[EventDate "2016.06.26"]

1. d4 Nf6 2. c4 g6 3. Nc3 d5 4. h4 h5 5. Bg5 Ne4 6. Nxd5 Nxg5 7. hxg5 Bg7 8. e3
O-O 9. Nf3 c6 10. Nc3 Bg4 11. Be2 Nd7 12. O-O Nb6 13. Qb3 Qc7 14. Rac1 e6 15.
Rfe1 Qe7 16. Ne4 Nc8 17. Nf6+ Kh8 18. Ne5 Bxe2 19. Rxe2 Nd6 20. c5 Nf5 21. Ned7
Rfd8 22. Ne5 Rab8 23. g4 hxg4 24. Nexg4 Bxf6 25. Nxf6 Kg7 26. f4 Rh8 27. Qc3
Rh1+ 28. Kg2 Rxc1 29. Qxc1 Rh8 30. Qc3 Kf8 31. e4 Ng7 32. Rf2 Qc7 33. b4 Ke7 34.
d5 Kf8 35. d6 Qd8 36. Qe5 b6 37. d7 1-0

[Event "World Senior Teams +50"]
[Site "Radebeul GER"]
[Date "2016.06.27"]
[Round "2.25"]
[Board "3"]
[White "Schaefer, Ruediger"]
[Black "Thurstan, Tim M"]
[Result "1-0"]
[BlackTitle "CM"]
[WhiteElo "1784"]
[BlackElo "2079"]
[WhiteTeam "SK Norderstedt von 1975 e.V."]
[BlackTeam "England 3"]
[WhiteFideId "1271080"]
[BlackFideId "425443"]
[EventDate "2016.06.26"]

1. e4 e6 2. d4 d5 3. Nc3 Bb4 4. exd5 exd5 5. Qf3 c6 6. a3 Bd6 7. Bd3 Be6 8. Nge2
Qf6 9. Qxf6 Nxf6 10. Bf4 Ke7 11. O-O Nbd7 12. Rfe1 Nf8 13. Bxd6+ Kxd6 14. Ng3 g5
15. Re2 Ng6 16. Bf5 Nf4 17. Ree1 h5 18. Bxe6 fxe6 19. Nge2 Ng6 20. f3 Rhf8 21.
Nd1 e5 22. dxe5+ Nxe5 23. Nd4 Nfd7 24. Ne3 Rf6 25. Rad1 Kc5 26. b4+ Kb6 27. a4
Raf8 28. h3 R8f7 29. Re2 Kc7 30. c3 Ng6 31. c4 Nf4 32. Rc2 dxc4 33. Nxc4 Nd5 34.
b5 Nb4 35. Re2 g4 36. Re8 gxf3 37. Ne6+ Rxe6 38. Rxe6 Nc5 39. Ne5 Rf4 40. Re7+
Kb6 41. Nxf3 cxb5 42. axb5 Kxb5 43. Re5 h4 44. Rh5 b6 45. Rxh4 Nbd3 46. Rb1+ Kc4
47. Rh7 b5 48. Rxa7 b4 49. Rc7 b3 50. Nd2+ Kc3 51. Nxb3 Kc2 52. Nxc5 Nxc5 53.
Rb5 1-0